Statistiche per Terza Declinazione latina - Secondo gruppo

Clicka qui per fare il quiz!

Statistiche generali

  • Questo quiz è stato fatto 11 volte
  • Il punteggio medio è 11 su 12

Statistiche sulle risposte

CasoSingolare% Corretto
AblativoUrbe
100%
AccusativoUrbem
100%
NominativoUrbes
100%
DativoUrbi
100%
GenitivoUrbis
100%
NominativoUrbs
100%
AccusativoUrbes
82%
GenitivoUrbium
82%
VocativoUrbs
82%
VocativoUrbes
73%
DativoUrbibus
73%
AblativoUrbibus
64%

Distribuzione punteggi

Percentile per numero di risposta

Percentuale di utenti per punteggio

I tuoi punteggi nel tempo

Non hai fatto questo quiz